000 00596nam a22002057a 4500
003 OSt
005 20160630190916.0
008 160630b xxu||||| |||| 00| 0 eng d
020 _a9783642079702
040 _cDNLM
082 _aWO640 I7e 2010
100 _aEditors Eisenmann-Klein, Marita; Neuhann-Lorenz, Constnace
_99837
245 _aInnovations in Plastic and Aesthetic Surgery
260 _aBerlin; Springer, c2010
300 _axvii,494p; ill: 27cm
504 _aReferences, & index included
650 _aAnaesthesia
_99838
650 _aPlastic Surgery
_93759
942 _2z
_cO_SHELF
999 _c4584
_d4584